Zgadnij kraj#1 - Statystyki

Ogólne statystyki
  • Ten quiz został rozwiązany 88 razy
    87 od ostatniego zresetowania
  • Średni wynik to 7 z 9
Statystyki odpowiedzi
Pytanie Odpowiedź % Poprawnych
Najmniejszy kraj na świecie Watykan
99%
Największy kraj na świecie Rosja
97%
Kraj w kształcie buta Włochy
92%
W jakim kraju jest najwięcej ludzi Indie
81%
Jedyny kraj na świecie na literę "v" Vanuatu
79%
W tym kraju wynaleziono komputer Stany Zjednoczone
73%
Ile krajów znajduje się w oceani 14
66%
Jedyny kraj na literę "a" w Ameryce Północnej Antigua i Barbuda
64%
W tym kraju wynaleziono długopis Węgry
14%
Nie znaleziono quizów pasujących do podanych kryteriów
Rozkład punktacji
Procent ludzi z każdym wynikiem
Percentyl według liczby udzielonych odpowiedzi
Twoja historia wyników
Nie rozwiązałeś tego quizu od ostatniego zresetowania